We'll Meet Again - Vera Lynn - Lyrics - Statistics

General Stats
  • This quiz has been taken 133 times
  • The average score is 38 of 56
Answer Stats
lyric % Correct
me
99%
again
98%
meet
98%
So
98%
We'll
98%
day
97%
some
97%
I
96%
know
96%
know
96%
when
96%
do
95%
Don't
95%
where
95%
But
94%
sunny
92%
you
86%
you
86%
the
75%
always
69%
like
69%
Just
68%
be
65%
Keep
64%
smiling
64%
that
64%
That
64%
To
64%
to
64%
through
63%
will
60%
say
59%
this
57%
them
56%
blue
55%
go
55%
away
54%
skies
54%
please
53%
hello
52%
song
52%
Tell
52%
as
51%
clouds
51%
singing
51%
won't
51%
far
49%
folks
49%
happy
49%
was
49%
long
48%
saw
48%
dark
47%
They'll
46%
'Till
43%
drive
33%
No matching quizzes found
Score Distribution
Percent of People with Each Score
Percentile by Number Answered
Your Score History
You have not taken this quiz